El movimiento obrero
Guardat en:
| Autor principal: | |
|---|---|
| Format: | Llibre |
| Idioma: | espanyol |
| Publicat: |
Bilbao
Desclée de Brouwer
1960
|
| Col·lecció: | Temas Sociales
|
| Matèries: | |
| Etiquetes: |
Afegir etiqueta
Sense etiquetes, Sigues el primer a etiquetar aquest registre!
|
MARC
| LEADER | 00000nam a2200000 a 4500 | ||
|---|---|---|---|
| 001 | UCL5735 | ||
| 003 | CL-VaPUC | ||
| 008 | 040319e19600600SP |||||||||||||||||spa|d | ||
| 082 | 0 | 4 | |a 261.83 |b ANC |2 21 |
| 100 | |a ANCEL, ALFRED |e author |9 482873 | ||
| 245 | 1 | 3 | |a El movimiento obrero |
| 300 | |a 129 p | ||
| 942 | |c BK | ||
| 945 | |d 20040319 00:00:00 |a vberengu | ||
| 260 | |a Bilbao |b Desclée de Brouwer |c 1960 | ||
| 650 | 0 | |a Iglesia católica y problemas sociales |9 255796 | |
| 583 | |a last modification |c 20040319 00:00:00 |k Rodrigo Vera | ||
| 490 | 0 | |a Temas Sociales | |
| 999 | |c 308164 |d 308162 | ||
| 952 | |0 0 |1 0 |4 0 |6 261_830000000000000_ANC_1960 |7 0 |8 A |9 374444 |a BIBTEO |b BIBTEO |d 2019-11-21 |i 2106493 |o 261.83 ANC 1960 |p 2106493 |r 2025-01-17 |w 2019-11-21 |y BK |k ICR | ||